000 01592cam a2200301 4500500
005 20260208005046.0
041 _afre
042 _adc
100 1 0 _aLowenstein, Adam Seth
_eauthor
245 0 0 _a“My genius is altogether imitative”
260 _c2013.
500 _a66
520 _aEn explorant le caractère réflexif du premier long roman de Henry James, Roderick Hudson, cet article souligne la maîtrise des techniques et des contraintes de la publication sérielle que possède le jeune romancier pour ensuite aborder la question de la représentation artistique. La mimesis a un intérêt tout particulier dans ce roman qui porte sur l’éducation esthétique du jeune sculpteur américain à Rome, où l’imitation répétée est censée paradoxalement favoriser l’originalité. L’ascension et la chute du sculpteur se produisent avec pour arrière-plan les grandes normes mimétiques occidentales, dérivées du platonisme, mais elles nous permettent de repenser ces normes au sein du capitalisme commercial.
690 _adifférence
690 _aHenry James
690 _aMimesis
690 _aoriginalité
690 _aplatonisme
690 _arépétition
690 _adifference
690 _aHenry James
690 _aMimesis
690 _aoriginality
690 _aPlatonism
690 _arepetition
786 0 _nRevue française d’études américaines | 135 | 1 | 2013-11-01 | p. 39-50 | 0397-7870
856 4 1 _uhttps://shs.cairn.info/journal-revue-francaise-d-etudes-americaines-2013-1-page-39?lang=en&redirect-ssocas=7080
999 _c1650382
_d1650382